000 00520nam a2200169Ia 4500
003 GCL
008 140319s9999 xx 000 0 ara d
040 _aGCL /
_cGCL
082 0 4 _a177
_bع ا
100 1 _aعبدالرحمن يحيى الحداد
245 1 0 _aاداب السلوك فى المجتمعات الغربية /
_cعبدالرحمن يحيى الحداد
300 _a232 ص
490 _a100 قصة
_v0
650 0 4 _aالسلوك الاجتماعى
650 0 4 _aالاخلاقيات
942 _2ddc
_cBK
999 _c46564
_d46564